000
00313nam a22001337a 4500
020
_a
978-0-470-64372-3
041
_a
ENG
100
_a
Thedodre .L
245
_a
Heat Transfer Applications For The Practing Engineer
260
_a
New Delhi
_b
Wiley
_c
2011
300
_a
643
650
_a
APE
856
_u
APE ( 3 )
999
_c
2502
_d
2502